Central Library OPAC University of Rajshahi

The widening world / (Record no. 23971)

MARC details
000 -LEADER
fixed length control field 01100nam a2200313 4500
001 - CONTROL NUMBER
control field 23971
003 - CONTROL NUMBER IDENTIFIER
rucl marc code BD-RjUL
005 - DATE AND TIME OF LATEST TRANSACTION
control field 20211209001007.0
008 - FIXED-LENGTH DATA ELEMENTS--GENERAL INFORMATION
fixed length control field 140312s1970 enkabchj b 001 0 eng
020 ## - INTERNATIONAL STANDARD BOOK NUMBER
International Standard Book Number 054000202X
035 ## - SYSTEM CONTROL NUMBER
System control number (BD-RjUL)24036
040 ## - CATALOGING SOURCE
Original cataloging agency DLC
Transcribing agency DLC
Modifying agency DLC
-- BD-RjUL
Language of cataloging eng
041 ## - LANGUAGE CODE
Language code of text/sound track or separate title eng
082 00 - DEWEY DECIMAL CLASSIFICATION NUMBER
Classification number 372.8942
Author mark and year LOW 1970
100 1# - MAIN ENTRY--PERSONAL NAME
Personal name Londesborough, Annie Jean.
9 (RLIN) 73815
245 14 - TITLE STATEMENT
Title The widening world /
Statement of responsibility, etc. by A. Jean Londesborough; with illustrations by Harold Beard.
250 ## - EDITION STATEMENT
Edition statement 4th ed.
260 ## - PUBLICATION, DISTRIBUTION, ETC. (IMPRINT)
Place of publication, distribution, etc. London :
Name of publisher, distributor, etc. G. Philip,
Date of publication, distribution, etc. 1970.
300 ## - PHYSICAL DESCRIPTION
Pagination vi, 226 p. :
Illustrations illus., facsims., maps, ports. ;
Size 22 cm.
490 #0 - SERIES STATEMENT
Series statement Everyday history
Volume/sequential designation 1
504 ## - BIBLIOGRAPHY, ETC. NOTE
Bibliography, etc Includes index.
650 #0 - SUBJECT ADDED ENTRY--TOPICAL TERM
Topical term or geographic name as entry element History, Modern
Chronological subdivision 16th century
General subdivision Juvenile literature.
9 (RLIN) 73816
Topical term or geographic name as entry element History, Modern
Chronological subdivision 17th century
General subdivision Juvenile literature.
9 (RLIN) 73817
651 #0 - SUBJECT ADDED ENTRY--GEOGRAPHIC NAME
Geographic name Great Britain
General subdivision History
Chronological subdivision Elizabeth, 1558-1603
General subdivision Juvenile literature.
9 (RLIN) 73818
Geographic name Great Britain
General subdivision History
Chronological subdivision Stuarts, 1603-1714
General subdivision Juvenile literature.
9 (RLIN) 73819
942 ## - ADDED ENTRY ELEMENTS (KOHA)
Source of classification or shelving scheme Dewey Decimal Classification
Koha item type Books
Holdings
Lost status Source of classification or shelving scheme Damaged status Not for loan Collection code Permanent Location Current Location Shelving location Date acquired Source of acquisition Cost, normal purchase price Total Checkouts Full call number Date last seen Copy number Koha item type
  Dewey Decimal Classification   Added to bundle Non-fiction Central Library, University of Rajshahi Central Library, University of Rajshahi Reading Room 21/01/1970 Zeit 10.00   372.8942 LOW B-1 1970 12/03/2014 C-1 Books